Statistics for Regioni Italiane

Click here to take the quiz!

General Stats

  • This quiz has been taken 238 times
  • The average score is 17 of 20

Answer Stats

HintAnswer% Correct
SudSicilia
95%
CentroLazio
93%
CentroToscana
93%
SudCalabria
92%
SudPuglia
90%
NordLombardia
89%
SudSardegna
89%
NordVeneto
89%
SudCampania
88%
CentroAbruzzo
86%
NordFriuli Venezia Giulia
86%
NordPiemonte
86%
CentroUmbria
86%
NordLiguria
84%
NordTrentino Alto Adige
84%
CentroEmilia Romagna
83%
CentroMolise
82%
SudBasilicata
80%
NordValle d’Aosta
80%
CentroMarche
76%

Score Distribution

Percentile by Number Answered

Percent of People with Each Score

Your Score History

You have not taken this quiz